Statistics for Glitch lyrics

Click here to take the quiz!

General Stats

  • This quiz has been taken 45 times
  • The average score is 173 of 209

Answer Stats

Lyrics% Correct
A
96%
a
96%
glitch
96%
Glitch
96%
glitch,
96%
I
96%
I'm
96%
my
96%
The
96%
think
96%
You
96%
you
96%
and
92%
And
92%
be
92%
been
92%
no
92%
not
92%
so
92%
there's
92%
to
92%
but
88%
But
88%
in
88%
In
88%
It
88%
of
88%
sorry
88%
We
88%
we
88%
what
88%
are
83%
don't
83%
even
83%
Five
83%
it's
83%
on
83%
out
83%
some
83%
was
83%
were
83%
with
83%
days
79%
friends
79%
hundred
79%
I'll
79%
just
79%
kind
79%
later,
79%
love
79%
maybe
79%
must
79%
myself
79%
playground
79%
seconds
79%
see
79%
situationship
79%
starry,
79%
stitch
79%
stitch,
79%
supposed
79%
there's
79%
blood
75%
counterfeit
75%
Depending
75%
else's
75%
had
75%
Night
75%
our
75%
someone
75%
system
75%
town,
75%
weekend
75%
what's
75%
back
71%
brief
71%
chance,
71%
down
71%
go
71%
interruption,
71%
live
71%
malfunction
71%
mood
71%
Nights
71%
nothing
71%
one
71%
slight
71%
sweat
71%
thousand
71%
two
71%
who
71%
breaking
67%
counterfeit
67%
fastening
67%
Let's
67%
moonlit
67%
system's
67%
that's
67%
thought
67%
dance
63%
give
63%
part
63%
romance
63%
wanting
63%
blackout
58%
ninety
58%
dudes
54%
glorious
54%
happenstance
54%
happenings
42%
search
29%

Score Distribution

Percentile by Number Answered

Percent of People with Each Score

Your Score History

You have not taken this quiz